000 00534pam a2200217 4500
001 4087677
005 20180822075443.0
008 731129t19741972nyua 001 0 eng
010 _a 73021553
020 _a0393092674
040 _aDLC
_cDLC
_dDLC
041 _aeng
060 _aSF105 L616g 1958
080 _a575.1
082 0 0 _a575.1
100 1 _a6
101 _aGEN
245 1 0 _aGenetics:
_c[by] I. J. Pedder & E. G. Wynne.
906 _a7
_bcbc
_corignew
_d1
_eocip
_f19
_gy-gencatlg
942 _2ddc
_cBK
999 _c47260
_d47260